Biblioteca

Una iglesia con propósito : (Registro nro. 33024)

Detalles MARC
000 -LÍDER
Campo fijo de descripción fija 007230000a22002410004500
001 - NÚMERO DE CONTROL
Campo de control 1903
003 - IDENTIFICADOR DEL NÚMERO DE CONTROL
Campo de control CO-MdFUSB
005 - FECHA Y HORA DE LA ULTIMA TRANSACCIÓN
control field 20180622165752.0
008 - ELEMENTOS DE LONGITUD FIJA -- INFORMACIÓN GENERAL
Campo fijo de descripción fija -- Información general 160825b xxu||||| |||| 00| 0 eng d
020 ## - NÚMERO INTERNACIONAL NORMALIZADO PARA LIBROS
Número Internacional Normalizado del libro 0-8297-1683-1
040 ## - FUENTE DE CATALOGACIÓN
Agencia que realiza la transcripción CO-MdFUSB
041 0# - CÓDIGO DE IDIOMA
Código de idioma para texto/pista de sonido o título separado
082 04 - NÚMERO DE CLASIFICACIÓN DECIMAL DEWEY
Número de clasificación G 260 W286i
100 1# - ASIENTO PRINCIPAL--NOMBRE PERSONAL
Nombre personal Warren, Rick (1954-)
245 10 - TÍTULO
Título del Material Una iglesia con propósito :
Parte restante del título - Subtitulo Cómo crecer sin comprometer el mensaje y la misión /
Mención de responsabilidad, etc. Rick Warren ; Cecilia de Francesco, Traductor
264 ## - PRODUCCIÓN, PUBLICACIÓN, DISTRIBUCIÓN, MANUFACTURA, Y COPYRIGHT
Lugar de producción, publicación, distribución, manufactura Miami, FL., USA :
Nombre del productor, publicador, distribuidor Vida,
Fecha de producción, publicación, distribución, manufactura, o copyright 1995
300 ## - DESCRIPCIÓN FÍSICA
Extensión 410 Pag
336 ## - CONTENT TYPE
Content type term texto
Content type code txt
Source rdacontent
337 ## - MEDIA TYPE
Source rdamedia
Media type term sin mediación
Media type code n
338 ## - CARRIER TYPE
Source rdacarrier
Carrier type term volumen
Carrier type code nc
500 ## - NOTA GENERAL
Nota General The purpose driven church
942 ## - TIPO DE MATERIAL (KOHA)
Tipo de Item KOHA Libros General
Existencias
Estado de Material Estado de Perdido Estado de Dañado No para Préstamo Colección Tomo Biblioteca de Origen Biblioteca Permanente Fecha de Adquisición Total de Préstamos Signatura Topográfica Código de Barras Última vez visto Última vez Préstado Ejemplar/Existencia Fecha de Remplazo Tipo de Material Forma de Clasificación
        Colección General   Biblioteca FUSBC Biblioteca FUSBC 05/11/2004 1 G 260 W286i 11500 12/12/2019 23/02/2016 1 26/01/2016 Libros General  
        Colección General   Biblioteca FUSBC Biblioteca FUSBC 05/11/2004 5 G 260 W286i 11502 26/04/2025 29/03/2025 3 26/01/2016 Libros General Dewey Decimal Classification
        Colección General   Biblioteca FUSBC Biblioteca FUSBC 05/11/2004 4 G 260 W286i 11501 12/12/2019 27/02/2019 2 26/01/2016 Libros General Dewey Decimal Classification

Biblioteca FUSBC | Teléfono: (57+4) 349 88 10 Ext. 141| WhatsApp (+57) 3005338115 
E-mail: biblioteca@unisbc.edu.co | Calle 76 87-14 Robledo Palenque, Medellín, Colombia

Con tecnología Koha